000 00522nam a2200193Ia 4500
005 20260120130342.0
008 008 260114s9999 xx 000 0 eng d
020 _a9780199783762
037 _aEBOOK
040 _aCRL
_beng
_cCRL
041 _aeng
_2eng
084 _qCRL
100 _aBranch, Ray, Russell
_9914000
245 0 _aLast Rights
260 _bOxford University PressOxford University Press
_c2007
856 _uhttps://academic.oup.com/book/11925
942 _cEBOOK
999 _c1505903
_d1505903